000 00435nam a22001697a 4500
005 20241229232441.0
008 241229b |||||||| |||| 00| 0 eng d
020 _a9780804858328
041 _aEng
082 _a741.5952 DAZ
100 _aDazai, Osamu
245 _aNo Longer Human: A New Translation
260 _aTokyo
_bTuttle
_c2023
300 _a159;. P.
650 _aBiographical comics; Psychological comics
942 _cBK
999 _c43177
_d43177